Giáo trình chăn nuôi trâu bò : Dùng trong các trường THCN
Tài liệu trình bày các đặc điểm giải phẫu, sinh lý, khả năng sản xuất của trâu bò; giới thiệu một số giống trâu bò và các biện pháp quản lý giống, về các loại thức ăn cho trâu bò, cách chăn nuôi trâu bò sữ, trâu bò thịt, trâu bò cày ke...
Gorde:
| Egile nagusia: | |
|---|---|
| Formatua: | Liburua |
| Hizkuntza: | Undetermined |
| Argitaratua: |
Hà Nội
Nhà xuất bản Hà Nội
2005
|
| Gaiak: | |
| Etiketak: |
Etiketa erantsi
Etiketarik gabe, Izan zaitez lehena erregistro honi etiketa jartzen!
|
| Thư viện lưu trữ: | Trung tâm Học liệu Trường Đại học Cần Thơ |
|---|
| LEADER | 00982nam a2200217Ia 4500 | ||
|---|---|---|---|
| 001 | CTU_120320 | ||
| 008 | 210402s9999 xx 000 0 und d | ||
| 020 | |c 19500 | ||
| 082 | |a 636.2 | ||
| 082 | |b C561 | ||
| 100 | |a Vũ, Chí Cương | ||
| 245 | 0 | |a Giáo trình chăn nuôi trâu bò : | |
| 245 | 0 | |b Dùng trong các trường THCN | |
| 245 | 0 | |c Vũ Chí Cương | |
| 260 | |a Hà Nội | ||
| 260 | |b Nhà xuất bản Hà Nội | ||
| 260 | |c 2005 | ||
| 520 | |a Tài liệu trình bày các đặc điểm giải phẫu, sinh lý, khả năng sản xuất của trâu bò; giới thiệu một số giống trâu bò và các biện pháp quản lý giống, về các loại thức ăn cho trâu bò, cách chăn nuôi trâu bò sữ, trâu bò thịt, trâu bò cày kéo. | ||
| 650 | |a Cattle breeding | ||
| 904 | |i Nguyên | ||
| 980 | |a Trung tâm Học liệu Trường Đại học Cần Thơ | ||